Multiple Test Procedures and the Closure Principle <A> New look at Multiple Hypotheses Testing in the Linear Regression Model
Guardado en:
| Autor principal: | |
|---|---|
| Formato: | Libro |
| Lenguaje: | inglés |
| Publicado: |
Wien
Institut für Höhere Studien
1991
|
| Edición: | 1. ed. |
| Colección: | Forschungsbericht
No.278 |
| Etiquetas: |
Sin Etiquetas, Sea el primero en etiquetar este registro!
|
MARC
| LEADER | 00000nam a2200000 4500 | ||
|---|---|---|---|
| 001 | c025252 | ||
| 005 | 20250512100739.3 | ||
| 041 | 0 | |a eng | |
| 044 | |a AT | ||
| 245 | 1 | 0 | |a Multiple Test Procedures and the Closure Principle |b <A> New look at Multiple Hypotheses Testing in the Linear Regression Model |c Raimund Alt |
| 250 | |a 1. ed. | ||
| 264 | 1 | |a Wien |b Institut für Höhere Studien |c 1991 | |
| 300 | |a 13 s. | ||
| 490 | 1 | |a Forschungsbericht |v No.278 | |
| 830 | 0 | |a Forschungsbericht |v No.278 | |
| 100 | 1 | |a Alt, Raimund | |